000 00492nam a2200169Ia 4500
008 240729s9999 xx 000 0 und d
022 _a2333-3928
245 0 _aHealth Services Research & Managerial Epidemiology
260 _aUnited States
260 _bSAGE Publishing
650 _a Medicine (General) | Medicine
650 _a Public aspects of medicine
650 _aMedicine
856 _uhttps://doaj.org/toc/3de762b2e190432d89365bcc5beb46f4
942 _2ddc
942 _cDOAJEJ
999 _c67706
_d67706
945 _a1
_bMadushi Gamage
_c1
_dMadushi Gamage